|
|
|
|
| LEADER |
01152nam a2200229 a 4500 |
| 001 |
29216 |
| 003 |
BD-DhAAL |
| 008 |
150513s2007 bg 000 1 ben |
| 020 |
|
|
|a 984861125
|
| 040 |
|
|
|a BD-DhAAL
|c BD-DhAAL
|
| 082 |
0 |
0 |
|a 891.44371
|2 21
|
| 100 |
1 |
0 |
|a দেবী, মৈত্রীয়।
|9 10984
|
| 245 |
1 |
0 |
|a দুই লেখকের যুগলবন্দী উপন্যাসঃ ন হন্যতে এবং লা নুই বেঙ্গলী /
|c মৈত্রীয় দেবী; মির্চা এলিয়াদ।
|
| 260 |
|
|
|a ঢাকা :
|b দি স্কাই পাবলিশার্স,
|c ২০০৭
|
| 300 |
|
|
|a ২৫১ পৃঃ. ;
|c ২৩ সে.মি.
|
| 500 |
|
|
|a Novel.
|
| 541 |
1 |
|
|e 29216
|
| 651 |
|
0 |
|a Bengali
|x Fiction.
|9 10985
|
| 700 |
1 |
0 |
|a এলিয়াদ, মির্চা।
|9 10986
|
| 942 |
|
|
|2 ddc
|c BK
|
| 999 |
|
|
|c 34400
|d 34400
|
| 952 |
|
|
|0 0
|1 0
|2 ddc
|4 0
|6 891_443710000000000_DEB
|7 0
|9 53708
|a BRACUL
|b BRACUL
|c GEN
|d 2015-05-13
|e BRAC Institute of Language (BIL)
|l 9
|m 62
|o 891.44371 DEB
|p 3010029216
|r 2026-05-18
|s 2026-02-18
|t 1
|w 2015-05-13
|y BK
|x Transferred from BIL to BRACUL on 06/06/22
|